000 00727nam a2200289Ia 4500
005 20260324122011.0
008 008 260324s9999 xx 000 0 eng d
020 _a9780203640272
037 _aEBOOK
040 _aCRL
040 _beng
040 _cCRL
041 _2eng
041 _aeng
084 _qCRL
100 _aRichard Burdett; Philipp Rode; Andrea Colantonio
_91164718
245 0 _aTransforming Urban Economies
245 0 _bPolicy Lessons from European and Asian Cities
260 _bTaylor and Francis
260 _c2013
365 _a
365 _b240
856 _uhttp://www.taylorfrancis.com/books/9780203640272
942 _cEBOOK
999 _c1757144
_d1757144